000 00495nam a22001577a 4500
005 20260424120002.0
008 260424b |||||||| |||| 00| 0 eng d
020 _a9781482923
050 _aPR9387.2
_b.E94
100 _aNzekwu, Onuora & Crowder, Michael
245 _aEze Goes to School with Moral Lesson
260 _aIbadan
_bAfrican University Press
300 _a180p.
_bill
650 _aEnglish Literature
_vChildren—Nigeria—Fiction
_xMoral education—Juvenile literature
942 _cBK
999 _c4704
_d4704